000 00638cab a2200217 4500
001 ##L132281
008 060124n2006 000 0 eng u
035 _a(Sirsi) u132281
041 0 _aeng
100 1 _aGreig-Smith, Heather
245 0 0 _aSomerset, Devon and Cornwall
_bregional
260 _c2006
490 0 _aProperty Week
_v20 January 2006, 69-71(6)
520 _aLooks at retail redevelopment in ST Anstell, the office market in Taunton and the industrial sector in Plymouth.
590 _aIKA310106
650 2 4 _aSOMERSET
650 2 4 _aDEVON
650 2 4 _aCORNWALL
690 _aPROPERTY-PROPERTY MARKET
942 _n0
999 _c76384
_d76384